La filosofía del derecho en la posmodernidad

Gorde:
Xehetasun bibliografikoak
Egile nagusia: Kaufmann, Arthur (Egilea)
Formatua: Liburua
Hizkuntza:gaztelania
Argitaratua: Bogotá Temis 1992
Saila:Monografias jurídicas, 77
Gaiak:
Etiketak: Etiketa erantsi
Etiketarik gabe, Izan zaitez lehena erregistro honi etiketa jartzen!

MARC

LEADER 00000nam a2200000 a 4500
001 UCX9203
003 CL-VaPUC
008 940520e19920000CK |||||||||||||||||spa|d
082 0 4 |a 340.1  |b KAU  |2 21 
100 |a Kaufmann, Arthur  |e author  |9 395012 
245 1 3 |a La filosofía del derecho en la posmodernidad 
300 |a 89 p 
942 |c BK 
945 |d 19940520 00:00:00  |a aalvarez 
260 |a Bogotá  |b Temis  |c 1992 
650 0 |a Filosofía del derecho   |9 255050 
583 |a last modification  |c 19940520 00:00:00  |k Rodrigo Vera 
490 0 |a Monografias jurídicas, 77 
999 |c 228515  |d 228513 
952 |0 0  |1 0  |4 0  |6 340_100000000000000_KAU_1992  |7 0  |8 DER_TF  |9 228689  |a BIBDER  |b BIBDER  |d 2019-11-15  |i 2981270  |l 4  |o 340.1 KAU 1992  |p 2981270  |r 2023-03-20  |s 2023-03-17  |w 2019-11-15  |x Ubicación 4to Piso  |y BK_X  |z Estos recursos deben solicitarse con anticipación  |k DER